| 000 | 01631nam a2200325 a 4500 | ||
|---|---|---|---|
| 001 | ebr10580259 | ||
| 003 | CaPaEBR | ||
| 006 | m u | ||
| 007 | cr cn||||||||| | ||
| 008 | 111003s2012 enka sb 001 0 eng d | ||
| 010 | _z 2011035228 | ||
| 020 | _z9780470656099 (pbk. alk. paper) | ||
| 020 | _z9781119968474 (e-book) | ||
| 040 |
_aCaPaEBR _cCaPaEBR |
||
| 035 | _a(OCoLC)794706704 | ||
| 050 | 1 | 4 |
_aTH438 _b.R324 2012eb |
| 082 | 0 | 4 |
_a624.068/4 _223 |
| 100 | 1 | _aRadosavljevic, Milan. | |
| 245 | 1 | 0 |
_aConstruction management strategies _h[electronic resource] : _ba theory of construction management / _cMilan Radosavljevic, John Bennett. |
| 260 |
_aChichester, West Sussex, U.K. : _bWiley-Blackwell, _c2012. |
||
| 300 |
_axvii, 295 p. : _bill. (some col.) |
||
| 504 | _aIncludes bibliographical references and index. | ||
| 505 | 0 | _aIntroduction and background -- The built environment -- Construction concepts -- Theory of construction management -- Traditional construction -- Design build -- Management approaches -- Partnering -- Total construction service -- Implications for industry -- The future for construction management. | |
| 533 |
_aElectronic reproduction. _bPalo Alto, Calif. : _cebrary, _d2011. _nAvailable via World Wide Web. _nAccess may be limited to ebrary affiliated libraries. |
||
| 650 | 0 |
_aConstruction industry _xManagement _xStudy and teaching. |
|
| 655 | 7 |
_aElectronic books. _2local |
|
| 700 | 1 |
_aBennett, John, _d1936- |
|
| 710 | 2 | _aebrary, Inc. | |
| 856 | 4 | 0 |
_uhttp://site.ebrary.com/lib/rucke/Doc?id=10580259 _zAn electronic book accessible through the World Wide Web; click to view |
| 999 |
_c187395 _d187395 |
||